| 000 | 04046naa a2200445Ia 4500 | ||
|---|---|---|---|
| 003 | OSt | ||
| 005 | 20260418143124.0 | ||
| 008 | 260418s2017 xx 000 0 und d | ||
| 040 |
_aFoundation University _bEng _cFoundation University _erda |
||
| 050 |
_a(CON-Th) LG 221 D35 N87 _bA5 N87 2025 E57 |
||
| 099 | _a799 | ||
| 100 |
_aEnriquez, Bryce Christian _91517 _eauthor. |
||
| 245 | 1 | 0 |
_aParental Perspectives and the Impact of Screen Time on Children: An Explanatory Sequential Mixed-Methods Study / _cby Bryce Christian Enriquez, Aizl N. Inao, Micah Keziah J. Jugo, and [others] |
| 264 |
_aDumaguete City _bFoundation Uiniversity, _c2025. _42025. |
||
| 300 |
_a247 leaves : _bill. (chiefly color) ; _c28 cm. _3volume _fresource |
||
| 336 |
_2rdacontent _atext _btxt |
||
| 337 |
_2rdamedia _aunmediated _bn |
||
| 338 |
_3rdacarrier _avolume _bnc |
||
| 502 | _aUndergraduate thesis (Bachelor of Science in Nursing) - - Foundation University, 2025. | ||
| 504 | _aIncludes bibliographical references and appendices. | ||
| 520 | _aAbstract This mixed-methods study explored parental perspcctives on the psychological impact of screen time among school-aged children (ages 6-12) in Dumaguete City. As digital media becomes increasingly embedded in children's routines, concerns have risen over its effects on psychological well-being. Guided by Bronfenbrenner's Ecological Systems Theory, the study employed an explanatory sequential design. Quantitative data were gathered from 100 parents using structured surveys. Results showed that 48% of children excccded the recommended daily screen tine of two hours, with 72% of usage centered on entertainment. Significant correlations were found between high screen time emotional symptoms (rs 0.465, p <.001), sleep disturbances (rs 0.318, p 001), and peer relationship problems (rs 0.212, p 034), Parental employment status was also significantly associated with children's screen time duration (p012). The qualitative phase followed Braun and Clarke's six-step Thematic Analysis using interview data from 8 purposively selected parents. Thematic findings revealed six core themes: (1) emotional and behavioral impacts, including irritability, emotional dysregulation, and reduced attention span; (2) academic challenges such as poor concentration and lower academic performance; (3) parental struggles in enforcing screen limits due to fatigue and competing demnands; (4) exposure to inappropriate content; (5) screen use as a coping mechanism for parents; and (6) proactive strategies, including screen time limits and provision of alternative activities. Notably, two parents reported instances of children experiencing seizures attributed to prolonged and unregulated screen exposure. Overall, excessive screen time can harm children's emotional and behavioral health, but risks can be reduced through active parenting, structured use, and supportive strategies. Keywords: Screen time, parental perspectives, school-aged children, psychological well-being, mixed-methods study. | ||
| 650 |
_aScreen time (Digital media) _xHealth aspects. _915516 |
||
| 650 |
_aChildren _915517 _xEffect of technology on. |
||
| 650 |
_aParent and child. _914619 |
||
| 650 |
_aMixed methods research. _913723 |
||
| 658 |
_aNursing Research 2 (RLE) : _bNursing, Bachelor of Science in ; _cNUR 107 |
||
| 690 |
_aScreen time, _915545 |
||
| 690 |
_aparental perspectives, _915546 |
||
| 690 |
_aschool-aged children, _915547 |
||
| 690 |
_apsychological well-being, _915548 |
||
| 690 |
_amixed-methods study. _915549 |
||
| 700 |
_aInao, Aizl N. _eco-author _915539 |
||
| 700 |
_aJugo, Micah Keziah J. _eco-author _915540 |
||
| 700 |
_aKlemann, Nika M. _eco-author _915541 |
||
| 700 |
_aOntoy, Cailyn Jhyl S. _eco-author _915542 |
||
| 700 |
_aPaera, Alexis Jane E. _eco-author _915543 |
||
| 700 |
_aPulanco, Charlene _eco-author _915544 |
||
| 700 |
_aTubaing, Jemar M. _eco-author _915550 |
||
| 942 |
_2lcc _cTH _h LG 221 D35 N87 _iA5 N87 2025 E57 _k(CON-Th) |
||
| 999 |
_c5763 _d5763 |
||